[Event "Regionalliga SW 9596"]
[Site "Bayern"]
[Date "1996.??.??"]
[Round "?"]
[White "Angeli, Rudolf"]
[Black "Rankl, Dieter"]
[Result "1/2-1/2"]
[WhiteElo "1785"]
[BlackElo "1830"]
[PlyCount "68"]
[EventDate "1995.10.??"]
[EventType "team-tourn"]
[EventRounds "9"]
[EventCountry "GER"]
[SourceTitle "EXT 1999"]
[Source "ChessBase"]
[SourceDate "1998.11.16"]
[SourceVersion "1"]
[SourceVersionDate "1998.11.16"]
[SourceQuality "1"]
[WhiteTeam "Haunstetten"]
[BlackTeam "Obermenzing"]
[WhiteTeamCountry "GER"]
[BlackTeamCountry "GER"]

1. d4 Nf6 2. Nc3 d5 3. Bg5 e6 4. e4 dxe4 5. Nxe4 Nbd7 6. Nf3 Be7 7. Bxf6 Nxf6 8. Bd3 Nxe4 9. Bxe4 c6 10. Qe2 Bf6 11. c3 Qa5 12. 0-0 0-0 13. Rfd1 g6 14. Bc2 b6 15. Ne5 Bb7 16. Nd7 Bg7 17. Nxf8 Bxf8 18. Qe5 b5 19. Bb3 Qd8 20. Rd3 c5 21. Rh3 Bd6 22. Qe3 c4 23. Bc2 h5 24. Re1 a5 25. Be4 Bxe4 26. Qxe4 Rb8 27. Qc2 Qc7 28. Re4 Qc6 29. Qe2 Qd5 30. Qe3 Re8 31. Qe1 f5 32. Re2 Kf7 33. Rf3 g5 34. Rfe3 Bf4 1/2-1/2